[Event "OLNW 1920 SK Kirchweyhe - HSK Lister Tu"]
[Site "?"]
[Date "2021.07.11"]
[Round "9.6"]
[White "Zaja, Ivan"]
[Black "Hampel, Felix"]
[Result "1/2-1/2"]
[WhiteElo "2458"]
[BlackElo "2299"]
[PlyCount "118"]
[EventDate "2021.??.??"]
[EventType "team-tourn"]

1. d4 d5 2. c4 c6 3. Nf3 Nf6 4. Nc3 dxc4 5. a4 Bf5 6. e3 e6 7. Bxc4 Bb4 8. O-O
Nbd7 9. Nh4 O-O 10. f3 Qa5 11. Na2 Nb6 12. Be2 Rfd8 13. Nxb4 Qxb4 14. a5 Nbd7
15. Nxf5 exf5 16. Qc2 g6 17. a6 Rab8 18. Bd2 Qd6 19. axb7 Rxb7 20. Rfc1 f4 21.
Ba6 Rc7 22. e4 Qxd4+ 23. Kh1 Qe5 24. Rd1 Nb6 25. Bc3 Rxd1+ 26. Qxd1 Qe6 27. Qd4
Kg7 28. Qe5 Qxe5 29. Bxe5 Re7 30. Bxf4 Nfd7 31. Bf1 Ne5 32. Kg1 f6 33. Kf2 Rd7
34. b3 c5 35. Rc1 Rc7 36. Be3 Nbd7 37. h3 g5 38. g3 Rb7 39. f4 gxf4 40. gxf4
Nc6 41. Bc4 Na5 42. Bd5 Rb6 43. Bxc5 Nxc5 44. Rxc5 Nxb3 45. Rc7+ Kg6 46. Rxa7
Nc5 47. Ke3 Ra6 48. Re7 f5 49. e5 Ra3+ 50. Kd4 Nd3 51. Bf7+ Kh6 52. e6 Nxf4 53.
Rb7 Kg7 54. Ke5 Ng6+ 55. Kxf5 Ra5+ 56. Ke4 Kf6 57. Bxg6 hxg6 58. e7 Re5+ 59.
Kf4 Rxe7 1/2-1/2

[Event "OLNW 1920 SK Kirchweyhe - HSK Lister Tu"]
[Site "?"]
[Date "2021.07.11"]
[Round "9.7"]
[White "Voege, Tobias"]
[Black "Genov, Petar"]
[Result "0-1"]
[WhiteElo "2324"]
[BlackElo "2425"]
[PlyCount "92"]
[EventDate "2021.??.??"]
[EventType "team-tourn"]

1. d4 Nf6 2. c4 e6 3. Nf3 b6 4. Nc3 Bb7 5. Bg5 Bb4 6. e3 h6 7. Bh4 Bxc3+ 8.
bxc3 d6 9. Bd3 Nbd7 10. Qc2 Qe7 11. e4 e5 12. O-O O-O-O 13. a4 a5 14. Rab1 g5
15. Bg3 Nh5 16. c5 dxc5 17. d5 Nf4 18. Bb5 Rhg8 19. Nd2 h5 20. Nc4 h4 21. d6
Qe6 22. dxc7 Kxc7 23. Bxf4 gxf4 24. f3 h3 25. Rf2 Rxg2+ 26. Rxg2 hxg2 27. Rd1
Nf6 28. Rxd8 Kxd8 29. Qxg2 Bc6 30. Bxc6 Qxc4 31. Qg5 Qe6 32. Bd5 Qe7 33. c4
Nxd5 34. Qg8+ Qe8 35. Qxe8+ Kxe8 36. exd5 b5 37. cxb5 c4 38. Kf1 c3 39. Ke1 e4
40. h4 exf3 41. b6 Kd7 42. b7 Kc7 43. d6+ Kxb7 44. d7 Kc7 45. d8=Q+ Kxd8 46. h5
c2 0-1

[Event "OLNW 1920 SK Kirchweyhe - HSK Lister Tu"]
[Site "?"]
[Date "2021.07.11"]
[Round "9.8"]
[White "Medak, Bojan"]
[Black "Polster, Christian"]
[Result "1/2-1/2"]
[WhiteElo "2362"]
[BlackElo "2231"]
[PlyCount "47"]
[EventDate "2021.??.??"]
[EventType "team-tourn"]

1. c4 e6 2. Nc3 d5 3. d4 c6 4. e4 dxe4 5. Nxe4 Bb4+ 6. Nc3 Nf6 7. Nf3 c5 8. a3
Ba5 9. Be2 Ne4 10. Bd2 Bxc3 11. Bxc3 Nxc3 12. bxc3 Qa5 13. O-O Qxc3 14. dxc5
O-O 15. Qd6 Nc6 16. Rfd1 Qf6 17. Rab1 e5 18. Bd3 Be6 19. Qc7 Rab8 20. Be4 Rfc8
21. Qd6 Rd8 22. Qc7 Rdc8 23. Qd6 Rd8 24. Qc7 1/2-1/2

[Event "OLNW 1920 SK Union Delmenho"]
[Site "Oldenburg"]
[Date "2021.07.11"]
[Round "9.1"]
[White "Hoeffer, David"]
[Black "Bredemeier, Dirk"]
[Result "1/2-1/2"]
[WhiteElo "2342"]
[BlackElo "2227"]
[PlyCount "138"]
[EventDate "2021.??.??"]
[EventType "team-tourn"]
[EventCountry "GER"]

1. e4 c5 2. Nf3 e6 3. b3 b6 4. Bd3 Bb7 5. O-O d6 6. Bb2 Nf6 7. e5 dxe5 8. Nxe5
Bd6 9. f4 Nbd7 10. Na3 Qe7 11. Qe2 O-O 12. Rae1 Rfd8 13. Ng4 Nd5 14. f5 exf5
15. Bxf5 Qxe2 16. Rxe2 h5 17. Nc4 Bc7 18. Nce5 Nxe5 19. Nxe5 Re8 20. Bd3 Nf6
21. Rfe1 Re6 22. Bf5 Ree8 23. Nd7 Rxe2 24. Nxf6+ gxf6 25. Rxe2 Be5 26. Bxe5 Re8
27. Kf2 fxe5 28. Re3 Rd8 29. d3 Kg7 30. Rh3 Rh8 31. Rh4 Kf6 32. g4 Kg5 33. Kg3
Rh6 34. Bd7 Bd5 35. c4 Bb7 36. Be8 hxg4 37. Rxh6 Kxh6 38. Bxf7 Kg5 39. Be6 e4
40. dxe4 Bxe4 41. Bxg4 Bc2 42. h4+ Kf6 43. Kf4 Bb1 44. a3 Bc2 45. Be2 Bxb3 46.
Bd3 Bd1 47. Ke4 Ke6 48. Bf1 Bc2+ 49. Kf4 Kf6 50. Bg2 Bb3 51. Bf1 Bc2 52. Be2 a6
53. h5 Ba4 54. h6 b5 55. Bd3 bxc4 56. Bxc4 Kg6 57. Ke5 Kxh6 58. Kd5 Kg7 59.
Bxa6 Kf8 60. Kxc5 Ke7 61. Bb5 Bxb5 62. Kxb5 Kd8 63. Kb6 Kc8 64. Ka7 Kc7 65. a4
Kc8 66. a5 Kc7 67. Ka8 Kc8 68. a6 Kc7 69. a7 Kc8 1/2-1/2

[Event "OLNW 1920 SK Union Delmenho"]
[Site "Oldenburg"]
[Date "2021.07.11"]
[Round "9.2"]
[White "Meessen, Max"]
[Black "Korsus, Bernd"]
[Result "0-1"]
[WhiteElo "2184"]
[BlackElo "2289"]
[PlyCount "72"]
[EventDate "2021.??.??"]
[EventType "team-tourn"]
[EventCountry "GER"]

1. d4 Nf6 2. c4 c5 3. d5 g6 4. Nc3 Bg7 5. e4 O-O 6. Bd3 d6 7. h3 e6 8. Nf3 Na6
9. O-O e5 10. Kh2 h6 11. Rg1 Nh5 12. g3 Nc7 13. Bd2 Qe8 14. Be2 Bd7 15. Nh4 Nf6
16. a4 a6 17. a5 Rb8 18. f4 exf4 19. Bxf4 Qe7 20. e5 dxe5 21. d6 Qe6 22. Bg4
Nxg4+ 23. hxg4 exf4 24. dxc7 fxg3+ 25. Rxg3 Rbc8 26. Rd3 Bc6 27. Nd5 Bxd5 28.
Rxd5 Rxc7 29. Qf3 Bxb2 30. Rad1 Re8 31. R1d2 Bd4 32. Nf5 gxf5 33. gxf5 Be5+ 34.
Kh3 Qf6 35. Rg2+ Kh8 36. Qh5 Bf4 0-1

[Event "OLNW 1920 SK Union Delmenho"]
[Site "Oldenburg"]
[Date "2021.07.11"]
[Round "9.3"]
[White "Pahl, Erik"]
[Black "Mueer, Sebastian"]
[Result "0-1"]
[WhiteElo "2110"]
[BlackElo "2240"]
[PlyCount "51"]
[EventDate "2021.??.??"]
[EventType "team-tourn"]
[EventCountry "GER"]

1. e4 c5 2. Nf3 d6 3. d4 cxd4 4. Nxd4 Nf6 5. Nc3 a6 6. Bg5 e6 7. f4 Nbd7 8. Qf3
Qc7 9. O-O-O b5 10. Bd3 Bb7 11. Rhe1 h6 12. Bh4 Be7 13. Qe2 b4 14. Nb1 Nc5 15.
e5 Nd5 16. Qg4 Nxf4 17. Bf1 g5 18. exd6 Bxd6 19. Bf2 O-O-O 20. g3 Ne4 21. Rxe4
Bxe4 22. Bxa6+ Kb8 23. Nd2 f5 24. Nxe4 fxe4 25. Nb5 Ne2+ 26. Kb1 0-1

[Event "OLNW 1920 SK Union Delmenho"]
[Site "Oldenburg"]
[Date "2021.07.11"]
[Round "9.4"]
[White "Wittje, Berthold"]
[Black "Margraf, Daniel"]
[Result "1/2-1/2"]
[WhiteElo "2216"]
[BlackElo "2247"]
[PlyCount "68"]
[EventDate "2021.??.??"]
[EventType "team-tourn"]
[EventCountry "GER"]

1. Nf3 g6 2. g3 Bg7 3. d4 b5 4. Bg2 Bb7 5. Qd3 a6 6. e4 d6 7. O-O Nf6 8. Nbd2
O-O 9. Qe2 Nfd7 10. a4 c5 11. dxc5 Nxc5 12. axb5 axb5 13. Rxa8 Bxa8 14. b4 Na4
15. Qxb5 Nc3 16. Qc4 d5 17. exd5 Bxd5 18. Qd3 Nc6 19. Ba3 Qa8 20. b5 Ne5 21.
Nxe5 Bxg2 22. Qxc3 Bxf1 23. Nxf1 Bxe5 24. Qxe5 Qxa3 25. Ne3 Qd6 26. Qd5 Rd8 27.
c4 Rc8 28. Qb7 Rc7 29. Qe4 f5 30. Qh4 e6 31. Qf6 Rf7 32. Qc3 Rc7 33. Qf6 Rf7
34. Qc3 Rc7 1/2-1/2

[Event "OLNW 1920 SK Union Delmenho"]
[Site "Oldenburg"]
[Date "2021.07.11"]
[Round "9.5"]
[White "Pahl, Theis"]
[Black "Schuette, Marc"]
[Result "1-0"]
[WhiteElo "2123"]
[BlackElo "2117"]
[PlyCount "85"]
[EventDate "2021.??.??"]
[EventType "team-tourn"]
[EventCountry "GER"]

1. e4 e6 2. d4 d5 3. Nc3 Nc6 4. Be3 dxe4 5. Nxe4 Be7 6. f4 Nf6 7. Nxf6+ Bxf6 8.
Nf3 b6 9. Bd3 Bb7 10. c3 Qd7 11. Qc2 g6 12. O-O-O O-O-O 13. Kb1 Bg7 14. Rhf1
Qe8 15. Bf2 Rd7 16. Qa4 Rd6 17. Bb5 Kb8 18. Ne5 h6 19. Rfe1 f5 20. d5 Bxe5 21.
dxc6 a6 22. cxb7 Qxb5 23. Qxb5 axb5 24. fxe5 Rdd8 25. Kc2 Kxb7 26. Rxd8 Rxd8
27. Rd1 Rxd1 28. Kxd1 Kc6 29. Kd2 Kd5 30. Kd3 g5 31. b3 f4 32. g4 c5 33. c4+
bxc4+ 34. bxc4+ Kxe5 35. Be1 Kf6 36. Ke4 Kg6 37. Bc3 h5 38. h3 hxg4 39. hxg4
Kf7 40. Be5 Ke7 41. Bc7 Kd7 42. Bxb6 Kc6 43. Bd8 1-0

[Event "OLNW 1920 SK Union Delmenho"]
[Site "Oldenburg"]
[Date "2021.07.11"]
[Round "9.6"]
[White "Heinemann, Ernst"]
[Black "Sturm, Tobias"]
[Result "1-0"]
[WhiteElo "2135"]
[BlackElo "2019"]
[PlyCount "82"]
[EventDate "2021.??.??"]
[EventType "team-tourn"]
[EventCountry "GER"]

1. e4 c5 2. Nf3 d6 3. Bb5+ Nd7 4. O-O a6 5. Bxd7+ Bxd7 6. Qe2 e6 7. b3 Nf6 8.
Bb2 e5 9. Rd1 Nh5 10. c3 Nf4 11. Qe3 Bb5 12. d4 Ne2+ 13. Kh1 Nxc3 14. Qxc3 cxd4
15. Qe1 Qc7 16. Na3 Bc6 17. Rac1 Rc8 18. Nc4 b6 19. Nh4 g6 20. f4 Bh6 21. Ba3
Bf8 22. fxe5 dxe5 23. Bxf8 Kxf8 24. Nf3 f6 25. Qb4+ Kg7 26. Qxb6 Bxe4 27. Qxc7+
Rxc7 28. Nd6 Rxc1 29. Rxc1 Bxf3 30. Rc7+ Kh6 31. gxf3 Ra8 32. Kg2 Kg5 33. Ne4+
Kf4 34. Nxf6 Ke3 35. Ng4+ Kd2 36. Nxe5 h5 37. Rd7 Kc3 38. Kf2 Re8 39. f4 g5 40.
Nf3 Re4 41. Nxg5 d3 1-0

[Event "OLNW 1920 SK Union Delmenho"]
[Site "Oldenburg"]
[Date "2021.07.11"]
[Round "9.7"]
[White "Monnerjahn, Lukas"]
[Black "Anirudh, Unni"]
[Result "1/2-1/2"]
[WhiteElo "1782"]
[BlackElo "2023"]
[PlyCount "109"]
[EventDate "2021.??.??"]
[EventType "team-tourn"]
[EventCountry "GER"]

1. d4 d5 2. c4 c6 3. Nc3 Nf6 4. Nf3 dxc4 5. a4 Bf5 6. Ne5 e6 7. f3 c5 8. e4 Bg6
9. Be3 cxd4 10. Bxd4 Bb4 11. Bxc4 O-O 12. O-O Nfd7 13. Qb3 Nxe5 14. Bxe5 Qb6+
15. Kh1 Nc6 16. Bg3 Na5 17. Qa2 Rac8 18. Bf2 Qc7 19. Be2 Bxc3 20. bxc3 b6 21.
Rac1 Qe7 22. Rc2 Rc7 23. Rfc1 f6 24. c4 Nb7 25. a5 Nc5 26. axb6 axb6 27. Rb2
Rb8 28. Rcb1 Qd6 29. Rd2 Qc6 30. Rbd1 Rcc8 31. Rd6 Qc7 32. Bxc5 Qxc5 33. Qa7
Qc7 34. Qxc7 Rxc7 35. Rb1 Bf7 36. Rdxb6 Rbc8 37. Rb8 e5 38. Rxc8+ Rxc8 39. Rc1
Kf8 40. Kg1 Ke7 41. Kf2 Kd6 42. Ke3 Ra8 43. Rd1+ Kc6 44. Rd2 Ra3+ 45. Rd3 Rxd3+
46. Kxd3 Kc5 47. Kc3 Be6 48. Bd3 h5 49. h4 g5 50. g3 Bf7 51. Be2 gxh4 52. gxh4
Bg6 53. Bd1 Be8 54. Bc2 Bd7 55. Bd1 1/2-1/2

[Event "OLNW 1920 SK Union Delmenho"]
[Site "Oldenburg"]
[Date "2021.07.11"]
[Round "9.8"]
[White "Modder, Frank"]
[Black "Sinnhoefer, Jonas"]
[Result "1-0"]
[WhiteElo "1919"]
[BlackElo "1919"]
[PlyCount "69"]
[EventDate "2021.??.??"]
[EventType "team-tourn"]
[EventCountry "GER"]

1. d4 Nf6 2. Nf3 g6 3. g3 Bg7 4. Bg2 c5 5. dxc5 Qa5+ 6. Nfd2 Qxc5 7. Nc3 Nc6 8.
Nb3 Qb6 9. Bg5 e6 10. Be3 Qd8 11. Bc5 a6 12. e4 g5 13. h4 g4 14. h5 Bh6 15. Bd6
b5 16. e5 b4 17. Bxb4 Nxb4 18. Bxa8 Nfd5 19. Bxd5 exd5 20. Nxd5 Nxd5 21. Qxd5
Qg5 22. Qd6 Bg7 23. c3 Bxe5 24. Qd2 Qf6 25. O-O-O d6 26. Na5 Qe6 27. Qd5 Qd7
28. Qd2 Qe6 29. Kb1 Bd7 30. Rhe1 Qf5+ 31. Ka1 O-O 32. Nc4 Bg7 33. h6 Bf6 34.
Nxd6 Qa5 35. Nb7 1-0

[Event "OLNW 1920 SK Nordhorn Blanke - Hamelner"]
[Site "?"]
[Date "2021.07.11"]
[Round "9.2"]
[White "Elgersma, Simon"]
[Black "Renner, Kai"]
[Result "1-0"]
[WhiteElo "2147"]
[BlackElo "2185"]
[PlyCount "119"]
[EventDate "2021.??.??"]
[EventType "team-tourn"]

1. e4 c5 2. Nf3 e6 3. d4 cxd4 4. Nxd4 a6 5. c4 Nf6 6. Nc3 Qc7 7. a3 b6 8. Be3
Bb7 9. f3 d6 10. Be2 Be7 11. O-O O-O 12. Rc1 Nbd7 13. b4 Rac8 14. Nb3 Qb8 15.
Qd2 Bd8 16. Rfd1 Bc7 17. Bf4 Ne5 18. Bxe5 dxe5 19. c5 Rfd8 20. Qe1 Rxd1 21.
Rxd1 bxc5 22. Nxc5 a5 23. Nb5 Bb6 24. Kf1 Bc6 25. Na6 Qa8 26. Nd6 Rd8 27. bxa5
Bd4 28. Qb4 Qa7 29. Nc4 Nd7 30. Qe7 Qa8 31. Nb6 Nxb6 32. Nc7 Qb8 33. axb6 Rd7
34. Na6 Qa8 35. Qb4 Rb7 36. Nc5 Rb8 37. Rc1 h5 38. g3 Bb7 39. a4 Rc8 40. a5
Bxe4 41. fxe4 Rxc5 42. Rxc5 Qxe4 43. Rc8+ Kh7 44. Bd3 Qxd3+ 45. Ke1 f5 46. b7
Qe3+ 47. Kd1 Qd3+ 48. Kc1 Qf1+ 49. Kc2 Qe2+ 50. Kb1 Qd3+ 51. Rc2 Qd1+ 52. Rc1
Qd3+ 53. Ka2 Qe2+ 54. Ka3 Qe3+ 55. Ka4 Qxc1 56. b8=Q Qc6+ 57. Q8b5 Qc2+ 58. Qb3
Qe4 59. Q3c4 f4 60. Qd3 1-0

[Event "OLNW 1920 SK Nordhorn Blanke - Hamelner"]
[Site "?"]
[Date "2021.07.11"]
[Round "9.3"]
[White "van Son, Lutz"]
[Black "Stotyn, Fabian"]
[Result "1-0"]
[WhiteElo "2146"]
[BlackElo "2200"]
[PlyCount "87"]
[EventDate "2021.??.??"]
[EventType "team-tourn"]

1. e4 c5 2. Nf3 Nc6 3. Bb5 g6 4. O-O Bg7 5. Re1 e5 6. d3 Nge7 7. Nc3 O-O 8. Bg5
f6 9. Bc4+ Kh8 10. Be3 d6 11. h3 Nd4 12. Nd5 Nxf3+ 13. Qxf3 Nc6 14. Qg3 Nd4 15.
Rac1 b5 16. Bb3 Nxb3 17. axb3 Be6 18. Ra1 Bxd5 19. exd5 f5 20. Bg5 Qd7 21. Ra6
f4 22. Qh4 Rf5 23. Rea1 Kg8 24. g4 Rf7 25. f3 Bf8 26. Qe1 Qb7 27. Qe4 Rc8 28.
Kg2 c4 29. dxc4 bxc4 30. Rxa7 Qb4 31. Rxf7 Kxf7 32. Bxf4 Qb7 33. Be3 Qb5 34.
bxc4 Qxb2 35. Rf1 Qc3 36. f4 Rxc4 37. fxe5+ Ke8 38. Qf3 Qxc2+ 39. Kg1 Be7 40.
Qf7+ Kd8 41. Bb6+ Rc7 42. exd6 Bxd6 43. Qg8+ Kd7 44. Qe6+ 1-0

[Event "OLNW 1920 SK Nordhorn Blanke - Hamelner"]
[Site "?"]
[Date "2021.07.11"]
[Round "9.4"]
[White "Elgersma, Onno"]
[Black "Schmidt, Dennis"]
[Result "1/2-1/2"]
[WhiteElo "2298"]
[BlackElo "2049"]
[PlyCount "124"]
[EventDate "2021.??.??"]
[EventType "team-tourn"]

1. e4 c5 2. Nf3 d6 3. Bb5+ Bd7 4. a4 Nc6 5. Nc3 g6 6. O-O Bg7 7. Re1 e5 8. Nd5
Nge7 9. d4 O-O 10. dxc5 dxc5 11. c3 Be6 12. Bc4 h6 13. Be3 b6 14. Qd2 Na5 15.
Ba2 Bxd5 16. exd5 Nf5 17. h3 c4 18. Rad1 Qd6 19. Qe2 Nxe3 20. fxe3 Rac8 21. Nd2
Qxd5 22. Nxc4 Qe6 23. Rd6 Qe7 24. Red1 Nxc4 25. Bxc4 Rfd8 26. Rxd8+ Rxd8 27.
Rf1 Bf6 28. e4 Kg7 29. Bd5 Qc5+ 30. Kh1 Rd6 31. Qf3 a5 32. g3 Qc8 33. Kh2 Qd7
34. b3 Qc8 35. Rf2 Qd7 36. h4 Qe7 37. h5 Rd7 38. b4 Qd6 39. bxa5 bxa5 40. c4
Rc7 41. hxg6 fxg6 42. Rb2 h5 43. Rb8 Bd8 44. Qe3 Rxc4 45. Rb2 Rc7 46. Rd2 Qf6
47. Rf2 Qg5 48. Qa3 Be7 49. Qf3 Bf6 50. Qa3 h4 51. Kg2 Qxg3+ 52. Qxg3 hxg3 53.
Kxg3 Bg5 54. Kg4 Bf4 55. Rb2 Rc1 56. Rb6 Rg1+ 57. Kh4 Rh1+ 58. Kg4 Rg1+ 59. Kh4
Rh1+ 60. Kg4 Rg1+ 61. Kh4 Rc1 62. Kg4 Rg1+ 1/2-1/2

[Event "OLNW 1920 SK Nordhorn Blanke - Hamelner"]
[Site "?"]
[Date "2021.07.11"]
[Round "9.5"]
[White "Koch, Yannick"]
[Black "Hoellmann, Ludger"]
[Result "1-0"]
[WhiteElo "2086"]
[BlackElo "2120"]
[PlyCount "74"]
[EventDate "2021.??.??"]
[EventType "team-tourn"]

1. d4 d5 2. c4 e6 3. Nc3 Nf6 4. cxd5 exd5 5. Bg5 c6 6. e3 Nbd7 7. Bd3 h6 8. Bh4
Be7 9. Nge2 Nh5 10. Bxe7 Qxe7 11. g4 Nhf6 12. Ng3 g6 13. h3 Nb6 14. Qe2 Be6 15.
f4 O-O-O 16. f5 gxf5 17. Nxf5 Bxf5 18. Bxf5+ Kb8 19. O-O-O Rde8 20. Rhe1 Qd6
21. Qf1 Re7 22. Qf4 Kc7 23. b3 Qxf4 24. exf4 Rhe8 25. Re5 Nbd7 26. Rxe7 Rxe7
27. Kd2 Kd6 28. g5 hxg5 29. fxg5 Nh5 30. Rg1 Nf8 31. Ne2 Ng6 32. Bg4 Nhf4 33.
Nxf4 Nxf4 34. Rf1 Re4 35. Kc3 Ke7 36. Bf5 Ng2 37. Bxe4 Ne3 1-0

[Event "OLNW 1920 SK Nordhorn Blanke - Hamelner"]
[Site "?"]
[Date "2021.07.11"]
[Round "9.6"]
[White "Bierenbroodspot, Paul"]
[Black "Jacobi, Felix-Hagen"]
[Result "0-1"]
[WhiteElo "2104"]
[BlackElo "2081"]
[PlyCount "76"]
[EventDate "2021.??.??"]
[EventType "team-tourn"]

1. e4 c6 2. d4 d5 3. exd5 cxd5 4. c4 Nf6 5. Nc3 Nc6 6. Nf3 a6 7. cxd5 Nxd5 8.
Qb3 e6 9. Be2 Be7 10. O-O O-O 11. Rd1 b5 12. Ne5 Na5 13. Qc2 Nb4 14. Qb1 Bb7
15. Be3 Rc8 16. a3 Nd5 17. Nxd5 Bxd5 18. b4 Nc4 19. Nxc4 Bxc4 20. Bf3 Bd5 21.
Be2 Qb6 22. Rc1 Qb7 23. f3 Rxc1+ 24. Qxc1 Rc8 25. Qd2 Bc4 26. Bd1 Rd8 27. Bc2
Bf6 28. Be4 Qd7 29. Rd1 g6 30. f4 Bb3 31. Rb1 Bd5 32. Bc2 Bb7 33. Rd1 Qc6 34.
Qf2 Rc8 35. Rc1 Qc3 36. Bd1 Qxa3 37. Rxc8+ Bxc8 38. Qd2 Bb7 0-1

[Event "OLNW 1920 SK Nordhorn Blanke - Hamelner"]
[Site "?"]
[Date "2021.07.11"]
[Round "9.7"]
[White "Belov, Igor"]
[Black "Meijerink, Juergen"]
[Result "1-0"]
[WhiteElo "2041"]
[BlackElo "1985"]
[PlyCount "139"]
[EventDate "2021.??.??"]
[EventType "team-tourn"]

1. c4 d6 2. Nc3 e5 3. g3 f5 4. Bg2 Nf6 5. d3 c6 6. e4 Be7 7. Nge2 Be6 8. b3
Nbd7 9. O-O O-O 10. h3 Qe8 11. exf5 Bxf5 12. g4 Bg6 13. f4 Bf7 14. f5 Rd8 15.
d4 d5 16. cxd5 Nxd5 17. Nxd5 Bxd5 18. Bxd5+ cxd5 19. dxe5 Bc5+ 20. Kh2 Qxe5+
21. Bf4 Qb2 22. Qxd5+ Kh8 23. Qd2 Qxd2 24. Bxd2 Rfe8 25. Ng3 Ne5 26. Bg5 Rd3
27. Kg2 h6 28. Bf4 Be3 29. Bxe3 Rxe3 30. Rae1 Nd3 31. Rxe3 Rxe3 32. f6 gxf6 33.
Rxf6 Nc1 34. Rxh6+ Kg8 35. Rd6 Nxa2 36. Rd8+ Kf7 37. Rd7+ Ke6 38. Rxb7 a5 39.
Rb6+ Kf7 40. Rb5 Nc1 41. Rxa5 Rxb3 42. Rf5+ Kg6 43. h4 Nd3 44. h5+ Kg7 45. Kh3
Rb4 46. Ne2 Re4 47. Ng3 Nf4+ 48. Kh4 Ra4 49. Rb5 Ra6 50. Nf5+ Kf7 51. Ne3 Ne6
52. Rf5+ Kg7 53. Rf1 Ra4 54. Nf5+ Kh7 55. Re1 Ra6 56. Re4 Nf8 57. g5 Ra7 58.
Re7+ Rxe7 59. Nxe7 Kg7 60. Kg4 Kf7 61. Nd5 Ne6 62. g6+ Kg7 63. Kf5 Nd4+ 64. Ke4
Ne6 65. Ne3 Kf6 66. Nf5 Nd8 67. Kf4 Ne6+ 68. Kg4 Nd8 69. g7 Kf7 70. h6 1-0

[Event "OLNW 1920 SK Nordhorn Blanke - Hamelner"]
[Site "?"]
[Date "2021.07.11"]
[Round "9.8"]
[White "Scheffner, Jarno"]
[Black "Moeller, Jonas"]
[Result "0-1"]
[WhiteElo "1969"]
[BlackElo "1848"]
[PlyCount "82"]
[EventDate "2021.??.??"]
[EventType "team-tourn"]

1. e4 e5 2. Nf3 Nc6 3. Bb5 a6 4. Ba4 Nf6 5. d3 b5 6. Bb3 Bc5 7. c3 d6 8. a4 Rb8
9. axb5 axb5 10. O-O h6 11. Re1 O-O 12. Nbd2 Bb6 13. Nf1 Ne7 14. Ng3 Ng6 15. h3
Re8 16. d4 Bb7 17. d5 Bc8 18. Bc2 Bd7 19. Bd3 Ra8 20. Bd2 Rxa1 21. Qxa1 Qa8 22.
b3 Qb7 23. Qb2 Qa7 24. Ra1 Bxf2+ 25. Kf1 Qb6 26. Nf5 Bxf5 27. exf5 Nf8 28. Bxb5
Qxb5+ 29. c4 Qb6 30. Ba5 Qe3 31. Qxf2 Qxb3 32. Nd2 Qd3+ 33. Qe2 Qxf5+ 34. Qf3
Qc2 35. Qb3 Qxb3 36. Nxb3 Rb8 37. Bxc7 Rxb3 38. Ra8 Ne4 39. Ke2 f5 40. c5 Nxc5
41. Bxd6 Ncd7 0-1

[Event "OLNW 1920 MTV Tostedt - SF Hannover"]
[Site "Tostedt"]
[Date "2021.07.11"]
[Round "9.1"]
[White "Pubantz, Jan"]
[Black "Haerig, Wilfried"]
[Result "0-1"]
[WhiteElo "2272"]
[BlackElo "2155"]
[PlyCount "90"]
[EventDate "2021.??.??"]
[EventType "team-tourn"]
[EventCountry "GER"]

1. Nf3 c5 2. c4 g6 3. e4 Bg7 4. d4 cxd4 5. Nxd4 Nc6 6. Be3 Nf6 7. Nc3 Ng4 8.
Qxg4 Nxd4 9. Qd1 Ne6 10. Be2 Qa5 11. Qd2 b6 12. Rd1 d6 13. O-O Bb7 14. f3 g5
15. c5 bxc5 16. Bb5+ Kf8 17. Bc4 Bd4 18. Bxe6 fxe6 19. f4 gxf4 20. Rxf4+ Ke8
21. Qe2 Kd7 22. Kh1 Ba6 23. Qf3 Rab8 24. Bxd4 cxd4 25. Rxd4 Rxb2 26. h3 Rc8 27.
Ra4 Qb6 28. e5 Bb7 29. Ne4 Rc1+ 30. Kh2 Qg1+ 31. Kg3 Rcc2 32. exd6 Rxg2+ 33.
Kh4 Rg6 34. Rg4 Qe1+ 35. Qg3 Rxg4+ 36. Kxg4 Qd1+ 37. Kg5 Rb5+ 38. Kh6 Rh5+ 39.
Kg7 Qxa4 40. Qg4 Qd4+ 41. Kg8 Qxe4 42. Qxh5 Qg6+ 43. Qxg6 hxg6 44. dxe7 Kxe7
45. Kg7 e5 0-1

[Event "OLNW 1920 MTV Tostedt - SF Hannover"]
[Site "Tostedt"]
[Date "2021.07.11"]
[Round "9.3"]
[White "Herrmann, Andreas"]
[Black "Thomas, Jeremy"]
[Result "1-0"]
[WhiteElo "2117"]
[BlackElo "1918"]
[PlyCount "65"]
[EventDate "2021.??.??"]
[EventType "team-tourn"]
[EventCountry "GER"]

1. d4 Nf6 2. Nf3 g6 3. c3 Bg7 4. Bf4 d6 5. Nbd2 O-O 6. h3 Nc6 7. e3 e5 8. dxe5
dxe5 9. Bh2 e4 10. Nd4 Nxd4 11. cxd4 Be6 12. Qc2 Rc8 13. Rc1 c6 14. a3 Bd5 15.
Be2 Qe7 16. O-O Nd7 17. b4 f5 18. Bc4 Nb6 19. Be2 g5 20. Nc4 Nxc4 21. Bxc4 Qe6
22. Be2 Qg6 23. Qc5 b6 24. Qd6 Qf7 25. b5 cxb5 26. Bxb5 Rfd8 27. Rxc8 Rxc8 28.
Ba6 Bf8 29. Qg3 Rc6 30. Qxg5+ Rg6 31. Qd8 Qe6 32. Rc1 Bc6 33. Bc4 1-0

[Event "OLNW 1920 MTV Tostedt - SF Hannover"]
[Site "Tostedt"]
[Date "2021.07.11"]
[Round "9.5"]
[White "Ploog, Martin"]
[Black "Paufler, Patrick"]
[Result "1-0"]
[WhiteElo "2035"]
[BlackElo "1704"]
[PlyCount "111"]
[EventDate "2021.??.??"]
[EventType "team-tourn"]
[EventCountry "GER"]

1. c4 c5 2. Nc3 Nc6 3. g3 b6 4. Bg2 Bb7 5. Nf3 g6 6. O-O Bg7 7. e3 Nf6 8. d4 d6
9. d5 Ne5 10. Nxe5 dxe5 11. e4 O-O 12. Be3 Qd7 13. h3 Ne8 14. Qd2 Nd6 15. b3 f5
16. Rac1 fxe4 17. Kh2 e6 18. Rcd1 exd5 19. Nxd5 Qf7 20. Nxb6 axb6 21. Qxd6 Ra6
22. Qd2 Bf6 23. a4 Rd8 24. Qc2 Raa8 25. Bxe4 Bxe4 26. Qxe4 Rac8 27. Rd3 Rxd3
28. Qxd3 Rd8 29. Qe4 Qd7 30. Ra1 Qd3 31. Qxd3 Rxd3 32. Rb1 Rc3 33. Kg2 e4 34.
a5 bxa5 35. Bxc5 Bd8 36. Be3 Kf7 37. Kf1 Ke6 38. Ke2 Rd3 39. Rd1 Rxd1 40. Kxd1
h5 41. Kc2 Be7 42. Kd2 Bb4+ 43. Ke2 Bd6 44. Bb6 Bb4 45. g4 hxg4 46. hxg4 Kf6
47. Ke3 Ke5 48. Bc7+ Bd6 49. Bxd6+ Kxd6 50. Kxe4 Kc5 51. f4 Kb4 52. f5 Kxb3 53.
fxg6 a4 54. g7 a3 55. g8=Q a2 56. Qg7 1-0

[Event "OLNW 1920 MTV Tostedt - SF Hannover"]
[Site "Tostedt"]
[Date "2021.07.11"]
[Round "9.6"]
[White "Polzin, Jens-Peter"]
[Black "Simon, Ralf-Axel"]
[Result "0-1"]
[WhiteElo "1783"]
[BlackElo "2079"]
[PlyCount "50"]
[EventDate "2021.??.??"]
[EventType "team-tourn"]
[EventCountry "GER"]

1. c4 e6 2. d4 Nf6 3. Nc3 Bb4 4. Qc2 O-O 5. Nf3 b6 6. Bg5 Bb7 7. e3 h6 8. Bxf6
Qxf6 9. Be2 c5 10. O-O cxd4 11. exd4 Rc8 12. Rac1 Nc6 13. Rfd1 Na5 14. Qa4 Bf8
15. d5 Qe7 16. Bf1 a6 17. a3 Rab8 18. Nd2 Nxc4 19. Nxc4 b5 20. Nxb5 axb5 21.
Qxb5 Bxd5 22. Qa4 Bxc4 23. Rxc4 Rxc4 24. Bxc4 Rxb2 25. Rxd7 Qc5 0-1

[Event "OLNW 1920 MTV Tostedt - SF Hannover"]
[Site "Tostedt"]
[Date "2021.07.11"]
[Round "9.7"]
[White "Witthaus, Joerg"]
[Black "Bieler, Janek"]
[Result "1/2-1/2"]
[WhiteElo "2027"]
[BlackElo "1803"]
[PlyCount "98"]
[EventDate "2021.??.??"]
[EventType "team-tourn"]
[EventCountry "GER"]

1. e4 c6 2. d4 d5 3. exd5 cxd5 4. Bd3 Nc6 5. c3 Nf6 6. h3 e6 7. Nf3 Qc7 8. O-O
Be7 9. Bg5 O-O 10. Re1 Nd7 11. Bxe7 Nxe7 12. Bc2 Ng6 13. Qd3 b6 14. h4 Nf6 15.
Nbd2 Qf4 16. g3 Qg4 17. Ne5 Qh3 18. Bd1 Nxe5 19. dxe5 Ng4 20. Nf1 a5 21. Qd4
Nh6 22. Ne3 f5 23. Bf3 f4 24. Bg2 fxe3 25. Bxh3 exf2+ 26. Kg2 fxe1=Q 27. Rxe1
Ba6 28. Qxb6 Bd3 29. Qxe6+ Kh8 30. Qxd5 Rad8 31. Qc5 Ba6 32. Qb6 Bc4 33. Be6
Rd2+ 34. Kh3 Bxe6+ 35. Qxe6 Rff2 36. Qc8+ Ng8 37. Kg4 g6 38. Re4 h5+ 39. Kg5
Kg7 40. Rf4 Rg2 41. Qf8+ Kh8 42. g4 Rdf2 43. Kxg6 Rxg4+ 44. Rxg4 Rxf8 45. Kxh5
Kh7 46. Rg5 Rf4 47. Rg4 Rf5+ 48. Rg5 Rf4 49. Rg4 Rf5+ 1/2-1/2